1288 1775 1537 1789 1854 1040 1061 1854 1102 1849 1188 1917 1427 1916 1116 1461 1651 1079 1444 1697 1155 1865 1410 1704 1455 1151 1220 1342 1331 1675 1524 1853 1372 1362 1801 1114 1796 1173 1697 1717 1429 1794 1937 1297 1394 1716 1107 1093 1501 1296 1515 1258 1389 1516 1309 1236 1101 1388 1167 1306 1656 1481 1592 1243 1030 1394 1950 1857 1084 1424 1606 1131 1691 1746 1204 1421 1074 1624 1476 1759 1406 1052 1806 1694 1281 1283 1779 1594 1934 1328 1391 1998 1651 1132 1489 1634 1043 1250 1596 BCNSPRNW ULIB Ver.6.0+V

เปลี่ยนเป็นภาษาไทย

Change to English
 แสดงรายละเอียดบรรณานุกรม
  กลับหน้าหลัก

Brief Record : Get Marc (ISO 2709) : E-mail record : QR code < ปิดหน้าต่าง
LEADER : 00000nam 2200000uu 4500
001    13399112826
003     ULIB
008    110912s2546||||th 000 0 tha d
020    9749524780
050  4 LB2324^bส652ท 2546
100 0  กิตติชัย วัฒนานิกร
245 10 ท่องโลกคุณภาพ /^c[สรุปและเรียบเรียงโดย กิตติชัย วัฒนานิกร,พรทิพย์ กาญจนนิตยต]
250     พิมพ์ครั้งที่ 1
260    กรุงเทพฯ :^bสำนักมาตรฐานอุดมศึกษา สำนักงานปลัดทบวงมหาวิทยาลัย,^c2546
300    47 หน้า ;^bภาพประกอบ ;^c21 ซม.
650  4 การศึกษา^xการประเมิน^xมาตรฐาน
650  4 การศึกษาขั้นอุดมศึกษา^xมาตรฐาน
650  4 การศึกษาขั้นอุดมศึกษา^xการควบคุมคุณภาพ
650  4 ประกันคุณภาพ
650  4 ประกันคุณภาพการศึกษา
650  4 ประกันคุณภาพการศึกษาระดับอุดมศึกษา
700 0  พรทิพย์ กาญจนนิยต
710 2  ทบวงมหาวิทยาลัย. ^bสำนักงานปลัดทบวง
945    ^p0^l0^i015813
945    ^p0^l0^i015814
995    ทศพร
999 ^a ทศพร
รายการนี้ยังไม่มีแท็ก
คุณยังไม่ได้ล็อกอิน คุณสามารถมีกิจกรรมร่วมกับเว็บไซต์ได้ แต่ต้องล็อกอินก่อน ::
  ล็อกอิน

รายการสื่อสารสนเทศ

ลำดับที่ ประเภท เลขเรียก/บาร์โค้ด สถานที่ สถานะ
- ไม่พบข้อมูล -

รายการใกล้เคียง
    ผู้แต่ง [กิตติชัย วัฒนานิกร]

    หัวเรื่อง [ประกันคุณภาพ]
    หัวเรื่อง [ประกันคุณภาพการศึกษา]
    หัวเรื่อง [ประกันคุณภาพการศึกษาระดับอุดมศึกษา]

BibComment


ยังไม่เคยถูกคอมเมนท์

คอมเมนท์ทรัพยากรรายการนี้
  คอมเมนท์: ท่องโลกคุณภาพ สร..


 Copyright 2026. Bcnsprnw @Library